[Event "FIDE Open"]
[Site "Voronezh"]
[Date "2017.06.19"]
[Round "8.29"]
[White "Kholodov, Vladimir"]
[Black "Gerasimov, Vadim"]
[Result "1-0"]
[WhiteElo "1986"]
[BlackElo "1713"]
[Annotator ""]
[Source ""]
[Remark ""]

1.e4 c5 2.Nf3 Nc6 3.d4 cxd4 4.Nxd4 g6 5.c4 Bg7 6.Be3 Nf6 7.Nc3
O-O 8.Be2 d6 9.O-O Bd7 10.Qd2 Nxd4 11.Bxd4 Bc6 12.Qd3 a5 13.f4
Nd7 14.Bxg7 Kxg7 15.Bf3 Nc5 16.Qd4+ f6 17.Rad1 Qb6 18.Rf2 Rfd8
19.Nd5 Bxd5 20.cxd5 Nd7 21.Qd2 Nc5 22.g3 Rdc8 23.Kg2 Qb4 24.Qe3
Rc7 25.e5 Qb5 26.Re2 Qa4 27.b3 Qb5 28.Rd4 Qd7 29.h3 Qb5 30.exf6+
exf6 31.Bg4 Qa6 32.Rc2 b5 33.a3 Qb7 34.b4 axb4 35.axb4 Na4 36.Rxc7+
Qxc7 37.Re4 Ra7 38.Re6 Nb6 39.Qd4 Qc2+ 40.Be2 Qf5 41.Qxb6 Qxd5+
42.Kf2 Rd7 43.Qe3 Qb7 44.Qd4 Rf7 45.Qxd6 1-0

[Event "FIDE Open"]
[Site "Voronezh"]
[Date "2017.06.19"]
[Round "8.30"]
[White "Smiyan, Vladimir"]
[Black "Rudakov, Sergey S."]
[Result "0-1"]
[WhiteElo "1983"]
[BlackElo "1575"]
[Annotator ""]
[Source ""]
[Remark ""]

1.d4 Nf6 2.Nf3 d5 3.c4 e6 4.e3 c5 5.Bd3 Nc6 6.O-O Be7 7.b3 O-O
8.Bb2 Ne4 9.Nc3 f5 10.Rc1 Nxc3 11.Bxc3 b6 12.Qe2 Bb7 13.Rfd1
cxd4 14.exd4 Qd7 15.Ne5 Nxe5 16.dxe5 d4 17.Bxd4 Qxd4 18.Bxf5
Qc5 19.Bxe6+ Kh8 20.Bd5 Qc7 21.Qe4 Rab8 22.g3 Bc5 23.Rc2 Bc8
24.e6 Qe7 25.Kg2 Bb7 26.f4 Bxd5 27.Rxd5 Rbd8 28.Rcd2 Rxd5 29.Qxd5
Qf6 30.Qd7 Be7 31.Re2 a5 32.Qc7 g5 33.Qxb6 gxf4 34.Rf2 f3+ 35.Kg1
Qe5 36.Qb5 Bc5 0-1

[Event "FIDE Open"]
[Site "Voronezh"]
[Date "2017.06.19"]
[Round "8.31"]
[White "Moshkin, Mikhail"]
[Black "Gulko, Oleg"]
[Result "0-1"]
[WhiteElo "1671"]
[BlackElo "1956"]
[Annotator ""]
[Source ""]
[Remark ""]

1.e4 c6 2.d4 d5 3.exd5 cxd5 4.c4 Nf6 5.Nc3 e6 6.Nf3 Be7 7.Bg5
Nc6 8.c5 O-O 9.a3 Ne4 10.Bxe7 Qxe7 11.Qc2 Nxc3 12.Qxc3 Rd8 13.Bd3
e5 14.dxe5 d4 15.Qc2 Nxe5 16.O-O Nxf3+ 17.gxf3 Bh3 18.Bxh7+ Kh8
19.Kh1 Bxf1 20.Rxf1 g6 21.Bxg6 fxg6 22.Qxg6 Qh4 23.Re1 Rg8 24.Qd6
Qh3 25.Qf6+ Rg7 26.Rg1 Rag8 27.b4 Qxf3+ 0-1

[Event "FIDE Open"]
[Site "Voronezh"]
[Date "2017.06.19"]
[Round "8.32"]
[White "Knyazev, Pavel"]
[Black "Gerasko, Viacheslav"]
[Result "1-0"]
[WhiteElo "1628"]
[BlackElo "1907"]
[Annotator ""]
[Source ""]
[Remark ""]

1.Nf3 c5 2.g3 Nc6 3.Bg2 g6 4.d3 Bg7 5.Nbd2 d5 6.O-O e5 7.e4 d4
8.a3 Nge7 9.Nb3 b6 10.Nh4 O-O 11.f4 exf4 12.Bxf4 h6 13.Bd2 Be6
14.Nc1 Ne5 15.Ne2 Qc8 16.Nf3 N7c6 17.Qc1 Kh7 18.Nf4 Bg4 19.Nxe5
Nxe5 20.Nd5 Qd8 21.Bf4 c4 22.h3 Be2 23.Rf2 cxd3 24.Bxe5 Bxe5
25.Qd2 Bxg3 26.cxd3 Bxf2+ 27.Kxf2 Bh5 28.e5 Qh4+ 29.Kg1 Rac8
30.Rf1 Qg5 31.Qf2 Qxe5 32.Nf6+ Kg7 33.Kh1 Rcd8 34.Nxh5+ Qxh5
35.Qf6+ Kh7 36.Qe7 g5 37.Qxa7 g4 38.Rg1 Rg8 39.Qe7 Rd5 40.Qf6
Rg7 41.h4 Qe5 42.Be4+ Kh8 43.Qxh6+ Kg8 44.Rxg4 Rxg4 45.Bh7+ Kh8
46.Bg6+ Kg8 47.Qh7+ Kf8 48.Qxf7# 1-0

[Event "FIDE Open"]
[Site "Voronezh"]
[Date "2017.06.19"]
[Round "8.33"]
[White "Bukatin, Arseny"]
[Black "Kuritsina, Zlata"]
[Result "1-0"]
[WhiteElo "1883"]
[BlackElo "1538"]
[Annotator ""]
[Source ""]
[Remark ""]

1.e4 c6 2.d4 d5 3.e5 Bf5 4.h4 h6 5.g4 Bc8 6.h5 e6 7.c4 c5 8.Be3
Qb6 9.Qb3 Qxb3 10.axb3 cxd4 11.Bxd4 Nc6 12.Ne2 Nxd4 13.Nxd4 a6
14.Nc3 Bc5 15.Nc2 Ne7 16.b4 Bb6 17.c5 Bc7 18.f4 b6 19.Nb5 Kd7
20.Nd6 Bxd6 21.exd6 Nc6 22.b5 Na5 23.Rh3 Bb7 24.b4 Nc4 25.Bxc4
dxc4 26.Rha3 axb5 27.Rxa8 Bxa8 28.Ra7+ Kc6 29.Kd2 Bb7 30.Ke3
Re8 31.Nd4+ Kd5 32.d7 Bc6 33.Rc7 1-0

[Event "FIDE Open"]
[Site "Voronezh"]
[Date "2017.06.19"]
[Round "8.34"]
[White "Filippov, Vladimir"]
[Black "Kocharyan, Hayk"]
[Result "1/2-1/2"]
[WhiteElo "1882"]
[BlackElo "1604"]
[Annotator ""]
[Source ""]
[Remark ""]

1.Nf3 Nf6 2.b3 d5 3.Bb2 Bf5 4.g3 e6 5.Bg2 h6 6.O-O Be7 7.d3 O-O
8.c4 c6 9.Nbd2 Nbd7 10.Rc1 Rc8 11.Rc2 Ne8 12.Qa1 Bf6 13.Rfc1
Bxb2 14.Qxb2 Qf6 15.Nd4 Rd8 16.Nxf5 Qxf5 17.Qa3 a6 18.Qb4 Rb8
19.Nf3 Qf6 20.d4 g5 21.e3 Qd8 22.Ne5 f6 23.Nd3 Rf7 24.f4 Ng7
25.e4 dxe4 26.Bxe4 Nf8 27.c5 Rd7 28.Rc4 Ne8 29.Qc3 Nc7 30.a4
a5 31.fxg5 hxg5 32.Nf2 Nd5 33.Qf3 Qe8 34.Rf1 f5 35.Bxd5 Rxd5
36.Qe3 Qh5 37.Rc3 Rbd8 38.Rd3 Qg6 39.Kh1 Qg7 40.Rfd1 Qf6 41.Nh3
Nh7 42.Qd2 R8d7 43.b4 axb4 44.Qxb4 Qd8 45.Qc4 Kg7 46.g4 f4 47.Nf2
Nf6 48.h3 1/2-1/2

[Event "FIDE Open"]
[Site "Voronezh"]
[Date "2017.06.19"]
[Round "8.36"]
[White "Zisin, Oleg"]
[Black "Malozemova, Darya"]
[Result "1-0"]
[WhiteElo "1870"]
[BlackElo "1680"]
[Annotator ""]
[Source ""]
[Remark ""]

1.e4 e5 2.Nf3 Nc6 3.d4 exd4 4.Bc4 Nf6 5.O-O Be7 6.Re1 d6 7.Nxd4
Ne5 8.Bb3 O-O 9.h3 a6 10.f4 Ng6 11.Nc3 c6 12.Kh1 Qc7 13.Qd3 b5
14.Nf3 a5 15.a4 b4 16.Nd1 Ba6 17.Bc4 Bxc4 18.Qxc4 d5 19.exd5
Nxd5 20.f5 Ngf4 21.Bxf4 Nxf4 22.Rxe7 Qxe7 23.Qxf4 Rfe8 24.Nf2
Qc5 25.Ng4 Qxc2 26.f6 Qxb2 27.Qg5 Qxa1+ 28.Kh2 Qxf6 29.Nxf6+
Kh8 30.Nxe8 Rxe8 31.Qxa5 1-0

[Event "FIDE Open"]
[Site "Voronezh"]
[Date "2017.06.19"]
[Round "8.37"]
[White "Savoskin, Vladimir"]
[Black "Polukhin, Alexander"]
[Result "1-0"]
[WhiteElo "1810"]
[BlackElo "1670"]
[Annotator ""]
[Source ""]
[Remark ""]

1.b3 e6 2.Bb2 f5 3.e3 Nf6 4.Nf3 Be7 5.Be2 O-O 6.O-O d6 7.d4 Ne4
8.c4 Bf6 9.Qc2 d5 10.Nbd2 Nc6 11.a3 a5 12.Rac1 Bd7 13.Ne5 Be8
14.Rfd1 Qd6 15.Ndf3 g5 16.Nxc6 bxc6 17.Ne5 Bd8 18.cxd5 cxd5 19.f3
Nf6 20.Qc5 Nd7 21.Qxd6 cxd6 22.Nc6 Bb6 23.a4 Kf7 24.Ba3 Nf6 25.Bxd6
Rg8 26.Ne5+ Kg7 27.Rc2 Rd8 28.Bc7 Bxc7 29.Rxc7+ Nd7 30.Rdc1 Kf6
31.Nxd7+ Bxd7 32.Ra7 Rg7 33.Rcc7 Ke7 34.Rxa5 Kd6 35.Raa7 Rb8
36.Bb5 Rd8 37.Kf2 h5 38.e4 fxe4 39.fxe4 Rf7+ 40.Ke3 dxe4 41.Rxd7+
Rdxd7 42.Rxd7+ Rxd7 43.Bxd7 1-0

[Event "FIDE Open"]
[Site "Voronezh"]
[Date "2017.06.19"]
[Round "8.38"]
[White "Denisenko, Dmitry"]
[Black "Pikalova, Sofya"]
[Result "0-1"]
[WhiteElo "1628"]
[BlackElo "1792"]
[Annotator ""]
[Source ""]
[Remark ""]

1.e4 c5 2.Nf3 d6 3.Be2 Nf6 4.Nc3 e6 5.d4 cxd4 6.Nxd4 a6 7.O-O
Be7 8.Bf3 O-O 9.Be3 Qc7 10.Qe2 Nbd7 11.a3 Ne5 12.Na2 b5 13.Nb4
Bb7 14.Bd2 Nxf3+ 15.gxf3 Rfe8 16.c3 e5 17.Nf5 d5 18.Nxe7+ Qxe7
19.Bg5 dxe4 20.fxe4 h6 21.Bxf6 Qxf6 22.f3 Rad8 23.Rad1 Qg5+ 24.Qg2
f6 25.Qxg5 hxg5 26.Nd3 Rc8 27.Rd2 Red8 28.Rfd1 Kf8 29.Kf2 Ke8
30.Nb4 Ke7 31.Nd5+ Bxd5 32.Rxd5 Rxd5 33.Rxd5 Rd8 34.Rxd8 Kxd8
35.Kg3 g6 36.h4 gxh4+ 37.Kxh4 Kd7 38.Kg4 Ke6 39.b3 a5 40.Kh4
Kd6 41.Kg4 Kc5 42.f4 exf4 43.Kxf4 a4 44.bxa4 bxa4 45.e5 fxe5+
46.Kxe5 Kc4 47.Kf6 Kxc3 48.Kxg6 Kb3 49.Kg5 Kxa3 50.Kf4 Kb2 0-1

[Event "FIDE Open"]
[Site "Voronezh"]
[Date "2017.06.19"]
[Round "8.39"]
[White "Smirnov, Mark A."]
[Black "Tatarintsev, Mikhail"]
[Result "1/2-1/2"]
[WhiteElo "1762"]
[BlackElo "1655"]
[Annotator ""]
[Source ""]
[Remark ""]

1.d4 d5 2.c4 c6 3.Nc3 Nf6 4.Nf3 e6 5.Bg5 Nbd7 6.e3 Qa5 7.Nd2
Bb4 8.Qc2 O-O 9.Bxf6 Nxf6 10.Bd3 Qc7 11.O-O Bd6 12.h3 b6 13.Rac1
Bb7 14.cxd5 cxd5 15.Nb5 Qxc2 16.Rxc2 Ne8 17.Nxd6 Nxd6 18.Rfc1
Rac8 19.Kf1 Rxc2 20.Rxc2 Rc8 21.Rxc8+ Bxc8 22.Ke2 Kf8 23.Nb1
Bd7 24.Nc3 h6 25.a4 a5 26.b3 Bc6 27.Kd2 Ke7 28.Kc2 Kd7 29.Kb2
Kc7 30.Ka3 Kb7 31.Kb2 Kc7 32.Ka3 Kb7 33.Kb2 Kc7 1/2-1/2

[Event "FIDE Open"]
[Site "Voronezh"]
[Date "2017.06.19"]
[Round "8.40"]
[White "Belov, Aleksei"]
[Black "Ivlev, Aleksandr"]
[Result "1/2-1/2"]
[WhiteElo "1625"]
[BlackElo "1717"]
[Annotator ""]
[Source ""]
[Remark ""]

1.e4 c5 2.Nf3 d6 3.d4 cxd4 4.Nxd4 Nf6 5.Nc3 a6 6.Be2 e5 7.Nb3
Be7 8.Be3 Be6 9.Nd5 Bxd5 10.exd5 Nbd7 11.O-O O-O 12.c4 Rc8 13.Rc1
Ne8 14.Qd2 f5 15.f4 b6 16.Bd3 g6 17.Na1 Nc5 18.b4 Nxd3 19.Qxd3
Bf6 20.Nb3 a5 21.bxa5 bxa5 22.Qd2 Ra8 23.fxe5 Bxe5 24.Bf4 a4
25.Nd4 Bxd4+ 26.Qxd4 Rc8 27.Rfe1 Ng7 28.Qa7 Nh5 29.Re7 Ra8 30.Qb7
Rb8 31.Qa7 Ra8 32.Qb7 Rb8 33.Qa7 Ra8 34.Qb7 Rb8 35.Qa7 Ra8 1/2-1/2

[Event "FIDE Open"]
[Site "Voronezh"]
[Date "2017.06.19"]
[Round "8.41"]
[White "Foshenko, Kirill"]
[Black "Elkina, Yuliya"]
[Result "1-0"]
[WhiteElo "1710"]
[BlackElo "1591"]
[Annotator ""]
[Source ""]
[Remark ""]

1.Nf3 f5 2.d3 e6 3.e4 Ne7 4.Bg5 h6 5.Bxe7 Qxe7 6.Ne5 Qb4+ 7.Nd2
Qxb2 8.Qh5+ Ke7 9.Ng6+ Kd8 10.Rb1 Qc3 11.Nxh8 Bb4 12.Rxb4 Qxb4
13.Qh4+ Qe7 14.Qxe7+ Kxe7 15.Ng6+ Kf6 16.exf5 exf5 17.Nf4 c6
18.Nc4 d5 19.Nd6 Na6 20.Kd2 Ke5 21.Nxc8 Kxf4 22.Nd6 b5 23.d4
Nc7 24.Bd3 Rf8 25.h4 g5 26.g3+ Kf3 27.Rh2 gxh4 28.Be2# 1-0

[Event "FIDE Open"]
[Site "Voronezh"]
[Date "2017.06.19"]
[Round "8.42"]
[White "Titov, Oleg"]
[Black "Strukov, Dmitry"]
[Result "1-0"]
[WhiteElo "1598"]
[BlackElo "1708"]
[Annotator ""]
[Source ""]
[Remark ""]

1.e4 c5 2.Nf3 d6 3.d4 cxd4 4.Nxd4 Nf6 5.Nc3 g6 6.Be3 Bg7 7.f3
O-O 8.Bc4 Nc6 9.Bb3 Bd7 10.Qd2 Rc8 11.O-O-O Ne5 12.h4 h5 13.Bh6
Nc4 14.Bxc4 Rxc4 15.Bxg7 Kxg7 16.Rhe1 Qa5 17.Nb3 Qc7 18.Nd5 Nxd5
19.exd5 Bf5 20.c3 Qd7 21.Nd4 Rc7 22.Nxf5+ Qxf5 23.Qd4+ Qf6 24.Qxa7
Qxh4 25.Qd4+ Qf6 26.Qxf6+ Kxf6 27.Re4 Ra8 28.a3 Ra5 29.Rb4 Ke5
30.Re4+ Kf6 31.Kb1 Rcc5 32.c4 Rc7 33.Ka2 Rac5 34.Rdd4 b5 35.cxb5
Rxb5 36.Re2 Rbc5 37.Rdd2 Rc1 38.b4 R1c3 39.Rb2 Rd3 40.Red2 Rcc3
41.Rxd3 Rxd3 42.b5 Rxd5 43.b6 1-0

[Event "FIDE Open"]
[Site "Voronezh"]
[Date "2017.06.19"]
[Round "8.43"]
[White "Ternovskiy, Alexey"]
[Black "Romanov, Maksim"]
[Result "1-0"]
[WhiteElo "1707"]
[BlackElo "1452"]
[Annotator ""]
[Source ""]
[Remark ""]

1.d4 Nf6 2.c4 e5 3.dxe5 Ng4 4.e4 Nxe5 5.Nf3 Bb4+ 6.Bd2 Bxd2+
7.Nbxd2 Nxf3+ 8.Nxf3 Nc6 9.Qd2 Qe7 10.O-O-O d6 11.Qc3 f6 12.c5
Bd7 13.cxd6 cxd6 14.Bb5 Rc8 15.Kb1 O-O 16.Qb3+ Be6 17.Bc4 Nd8
18.Bxe6+ Nxe6 19.Nd4 Rfe8 20.Nf5 Qf7 21.Nxd6 Qe7 22.Nxe8 Rxe8
23.f3 Kf8 24.Rc1 Nc5 25.Qd5 b6 26.Rhd1 g6 27.Qd6 Kf7 28.b4 Qxd6
29.Rxd6 Ne6 30.Kb2 Ke7 31.Rcd1 Kf7 32.Kb3 1-0

[Event "FIDE Open"]
[Site "Voronezh"]
[Date "2017.06.19"]
[Round "8.44"]
[White "Neklyudov, Taras"]
[Black "Karpuzov, Georgiy"]
[Result "1-0"]
[WhiteElo "1550"]
[BlackElo "1755"]
[Annotator ""]
[Source ""]
[Remark ""]

1.e4 e5 2.Nc3 Nc6 3.g3 Nf6 4.Bg2 d6 5.Nge2 Be7 6.h3 Be6 7.d4
exd4 8.Nxd4 Bd7 9.O-O O-O 10.f4 Nxd4 11.Qxd4 Be6 12.Kh2 a6 13.g4
h6 14.g5 hxg5 15.fxg5 Nd7 16.h4 Ne5 17.Bf4 f6 18.Nd5 Bxd5 19.Qxd5+
Kh8 20.Qd1 Qe8 21.Bh3 g6 22.Bxe5 dxe5 23.gxf6 Bxf6 24.Qg4 Rd8
25.Rad1 Kg7 26.h5 Rxd1 27.Rxd1 g5 28.Qe2 Kh6 29.Bf5 Be7 30.Kg2
Qc6 31.Rf1 Qa4 32.a3 Qc6 33.Kg3 Qf6 34.Bh3 Qg7 35.Rxf8 Qxf8 36.Bf5
Qf6 37.Qc4 g4 38.Qe6 Kxh5 39.Qxf6 Bxf6 40.Bxg4+ Kg5 41.Bc8 b6
42.Bxa6 Be7 43.b4 Kf6 44.Bc4 Bd6 45.c3 Ke7 46.a4 Kd7 47.a5 bxa5
48.bxa5 Kc6 49.Kg4 Bc5 50.Kf5 Bd6 51.Ke6 Kb7 52.Kd7 Kb8 53.Bb5
Bc5 54.Ke6 Bd6 55.c4 Bc5 56.Kxe5 1-0

[Event "FIDE Open"]
[Site "Voronezh"]
[Date "2017.06.19"]
[Round "8.45"]
[White "Sych, Alina"]
[Black "Grishchenko, Vladimir"]
[Result "1-0"]
[WhiteElo "1557"]
[BlackElo "1939"]
[Annotator ""]
[Source ""]
[Remark ""]

1.e4 c5 2.Nf3 e6 3.d4 cxd4 4.Nxd4 a6 5.Be2 Nf6 6.Nc3 Qc7 7.O-O
Bb4 8.Bg5 Bxc3 9.Bxf6 gxf6 10.bxc3 Qxc3 11.Rb1 O-O 12.Rb3 Qc5
13.Qd2 Re8 14.Qh6 1-0

[Event "FIDE Open"]
[Site "Voronezh"]
[Date "2017.06.19"]
[Round "8.46"]
[White "Ragimli, Deniz"]
[Black "Stroganov, Andrey"]
[Result "1/2-1/2"]
[WhiteElo "1648"]
[BlackElo "1879"]
[Annotator ""]
[Source ""]
[Remark ""]

1.e4 g6 2.d4 Bg7 3.Nc3 d6 4.f3 Nd7 5.Be3 a6 6.Bd3 b5 7.a3 c5
8.Be2 cxd4 9.Bxd4 Ngf6 10.Nh3 O-O 11.O-O Ne5 12.Nf2 Qc7 13.Nd3
Nc4 14.b3 e5 15.Bf2 Nb6 16.Qd2 Be6 17.Rac1 d5 18.exd5 Nfxd5 19.Nxd5
Bxd5 20.Kh1 Nd7 21.Bg3 Be6 22.Nb2 Rfd8 23.c4 Nc5 24.Qe3 Qe7 25.b4
e4 26.bxc5 Bxb2 27.Rc2 Bd4 28.Qxe4 Qxc5 29.cxb5 Qxa3 30.Qf4 axb5
31.Bh4 Rd5 32.Rd1 g5 33.Bxg5 Be5 34.Qc1 Qd6 35.Bh6 Rd8 36.Rxd5
Qxd5 37.Qg5+ Kh8 38.Rd2 Bd4 39.Rxd4 Qxd4 40.Bg7+ Qxg7 41.Qxd8+
Qg8 42.Qxg8+ Kxg8 43.Bxb5 1/2-1/2

[Event "FIDE Open"]
[Site "Voronezh"]
[Date "2017.06.19"]
[Round "8.47"]
[White "Kuzminykh, Nikita"]
[Black "Koshelev, Vladimir"]
[Result "1/2-1/2"]
[WhiteElo "1511"]
[BlackElo "1725"]
[Annotator ""]
[Source ""]
[Remark ""]

1.e4 c5 2.Nf3 e6 3.c3 d5 4.exd5 exd5 5.d4 Nc6 6.Bd3 c4 7.Be2
Bd6 8.O-O Nge7 9.b3 cxb3 10.axb3 O-O 11.Bg5 h6 12.Bh4 Qc7 13.Bg3
Ng6 14.Na3 Bf4 15.Bd3 Bxg3 16.fxg3 Bg4 17.Qc2 Bxf3 18.Rxf3 Nce7
19.Raf1 Qb6 20.b4 a6 21.Kh1 Rac8 22.Bxg6 fxg6 23.Rxf8+ Rxf8 24.Rxf8+
Kxf8 25.Qf2+ Qf6 26.Qxf6+ gxf6 27.Kg1 b5 28.Nc2 Kf7 29.Kf2 Nf5
30.Ne3 Ke6 31.Nxf5 Kxf5 32.Kf3 h5 33.h3 g5 34.h4 Kg6 35.Ke3 Kf5
36.Kf3 Kg6 37.Ke3 Kf5 38.Kf3 Kg6 39.Ke3 Kf5 40.Kf3 Kg6 1/2-1/2

[Event "FIDE Open"]
[Site "Voronezh"]
[Date "2017.06.19"]
[Round "8.48"]
[White "Koptev, Ruslan"]
[Black "Kobozev, Aleksandr"]
[Result "1/2-1/2"]
[WhiteElo "1720"]
[BlackElo "1497"]
[Annotator ""]
[Source ""]
[Remark ""]

1.e4 c5 2.Nf3 Nc6 3.Bb5 e6 4.O-O d5 5.exd5 exd5 6.d4 Nf6 7.Re1+
Be7 8.Ne5 Bd7 9.Nxd7 Qxd7 10.Bg5 O-O 11.dxc5 Bxc5 12.Bxf6 gxf6
13.Qf3 Qd6 14.Bd3 Ne5 15.Qg3+ Kh8 16.Bf5 Rg8 17.Qh3 Rg7 18.Nc3
Rag8 19.Kh1 Ng4 20.Nd1 Qf4 21.Bd3 Qxh2+ 22.Qxh2 Nxh2 23.Kxh2
Rxg2+ 24.Kh3 R2g5 25.Kh4 Rg4+ 26.Kh3 R4g5 27.Kh4 Rg4+ 28.Kh3
R4g5 29.Kh4 Rg4+ 30.Kh3 R4g5 31.Kh4 Rg4+ 32.Kh3 1/2-1/2

[Event "FIDE Open"]
[Site "Voronezh"]
[Date "2017.06.19"]
[Round "8.49"]
[White "Badtrutdinova, Darya"]
[Black "Kumakov, Ivan"]
[Result "0-1"]
[WhiteElo "1445"]
[BlackElo "1658"]
[Annotator ""]
[Source ""]
[Remark ""]

1.d4 c5 2.Nf3 f5 3.Bf4 Nf6 4.h3 d6 5.e3 cxd4 6.exd4 g6 7.Nbd2
Bg7 8.c3 O-O 9.Bc4+ Kh8 10.Ng5 d5 11.Bb3 Nc6 12.O-O e6 13.Ngf3
Nd7 14.Qe2 Qe7 15.Rae1 b6 16.Ra1 a5 17.Qe3 Bb7 18.a4 Rfe8 19.Bc2
Bf6 20.Be4 dxe4 21.Ne1 g5 22.Bh2 f4 23.Qe2 Ba6 24.Qxe4 Bxf1 25.Kxf1
e5 26.dxe5 Ndxe5 27.f3 Rad8 28.Nc4 Nxc4 29.Qxc4 Rd2 30.Bg1 Rxb2
31.Nd3 Qe2# 0-1

[Event "FIDE Open"]
[Site "Voronezh"]
[Date "2017.06.19"]
[Round "8.50"]
[White "Chekletsova, Darya"]
[Black "Shcherbinin, Nikolay"]
[Result "0-1"]
[WhiteElo "1657"]
[BlackElo "1602"]
[Annotator ""]
[Source ""]
[Remark ""]

1.d4 Nf6 2.c4 c5 3.Nf3 cxd4 4.Nxd4 e5 5.Nf3 e4 6.Nd4 Bb4+ 7.Bd2
Bxd2+ 8.Qxd2 O-O 9.Nc3 Re8 10.e3 d5 11.cxd5 Nxd5 12.Rc1 Nxc3
13.Qxc3 Bd7 14.Qc5 Nc6 15.Nxc6 Bxc6 16.Bc4 Qe7 17.Qxe7 Rxe7 18.Ke2
Kf8 19.Rhd1 f5 20.Rd6 Rd7 21.Rxd7 Bxd7 22.Rd1 Ke7 23.Kd2 Be6
24.Rc1 Rd8+ 25.Ke2 Rc8 26.Bxe6 Rxc1 27.Bb3 Rb1 28.Kd2 Rxb2+ 29.Ke1
Kd6 30.Kd1 Rxf2 31.Bg8 h6 32.Bh7 Ke5 33.Ke1 Rxg2 0-1

[Event "FIDE Open"]
[Site "Voronezh"]
[Date "2017.06.19"]
[Round "8.51"]
[White "Smaleva, Stanislava"]
[Black "Astakhov, Alexander"]
[Result "1/2-1/2"]
[WhiteElo "1446"]
[BlackElo "1798"]
[Annotator ""]
[Source ""]
[Remark ""]

1.e4 Nf6 2.e5 Nd5 3.d4 d6 4.c4 Nb6 5.exd6 exd6 6.h3 Nc6 7.Nf3
Bf5 8.Bd3 Qd7 9.O-O O-O-O 10.a3 h6 11.Nc3 g5 12.Re1 Bg7 13.Be3
Ne7 14.Bxf5 Nxf5 15.Qd3 Rhe8 16.Bd2 f6 17.Rac1 Ne7 18.Ne2 f5
19.Ng3 f4 20.Ne4 Nc6 21.Bc3 Na4 22.d5 Ne5 23.Nxe5 Bxe5 24.Bxe5
Rxe5 25.b3 Nb6 26.Nf6 Qe7 27.Rxe5 Qxe5 28.Qc3 Qxc3 29.Rxc3 Rf8
30.Ne4 Rf5 31.f3 Nd7 32.Rc2 Kd8 33.Kf2 Nf8 34.Re2 Ng6 35.Re1
Ne5 36.Ke2 h5 37.Rh1 Nf7 38.Kd3 Ke7 39.Re1 Ne5+ 40.Ke2 Kf7 41.Nc3
a6 42.Ne4 1/2-1/2

[Event "FIDE Open"]
[Site "Voronezh"]
[Date "2017.06.19"]
[Round "8.52"]
[White "Smaleva, Veronika"]
[Black "Makushin, Aleksandr"]
[Result "0-1"]
[WhiteElo "1163"]
[BlackElo "1753"]
[Annotator ""]
[Source ""]
[Remark ""]

1.e4 c6 2.d4 d5 3.exd5 cxd5 4.Bd3 Nc6 5.c3 Nf6 6.h3 e5 7.dxe5
Nxe5 8.Bc2 Bc5 9.Qe2 Qe7 10.Ba4+ Bd7 11.Bxd7+ Nfxd7 12.b4 Nd3+
13.Kd2 Qxe2+ 14.Nxe2 Nxc1 15.Kxc1 Bxf2 16.Rf1 Be3+ 17.Kc2 O-O
18.Rf5 Nb6 19.Re5 Rfe8 20.Rxe8+ Rxe8 21.Nd2 Bf2 22.Nd4 Bxd4 23.cxd4
Re2 24.Kc3 Rxg2 25.Re1 Rg3+ 26.Kc2 Kf8 27.h4 Rg4 28.Rh1 Rxd4
29.h5 Rxb4 30.h6 Nc4 31.Nxc4 Rxc4+ 32.Kd3 Rc6 33.hxg7+ Kxg7 34.Rg1+
Kf8 35.Kd4 f6 36.Rh1 Rc7 37.Kxd5 Rf7 38.Ke6 f5 39.Ke5 f4 40.Ke4
f3 41.Ke3 f2 42.Ke2 f1Q+ 43.Rxf1 Rxf1 44.Kxf1 Ke7 0-1

[Event "FIDE Open"]
[Site "Voronezh"]
[Date "2017.06.19"]
[Round "8.54"]
[White "Gaglazov, Mikhail"]
[Black "Belov, Yury"]
[Result "0-1"]
[WhiteElo "1668"]
[BlackElo "1567"]
[Annotator ""]
[Source ""]
[Remark ""]

1.e4 c5 2.Nc3 e6 3.f4 a6 4.Nf3 Nc6 5.d4 cxd4 6.Nxd4 Bc5 7.Be3
Ba7 8.Nxc6 bxc6 9.Bxa7 Rxa7 10.Qd4 Rb7 11.Qxg7 Qf6 12.Qxf6 Nxf6
13.e5 Nh5 14.Bxa6 Rb8 15.Bxc8 Rxc8 16.g3 Ng7 17.Ne4 Ke7 18.Ke2
Nf5 19.Rhd1 h5 20.Nd6 Nxd6 21.Rxd6 f5 22.exf6+ Kxd6 23.Rd1+ Kc7
24.a4 Rhf8 25.b4 Rxf6 26.c4 h4 27.b5 hxg3 28.hxg3 Ra8 29.Ra1
cxb5 30.cxb5 Kb6 31.Kd3 Rg6 32.Ke4 Rxg3 0-1

[Event "FIDE Open"]
[Site "Voronezh"]
[Date "2017.06.19"]
[Round "8.55"]
[White "Ryumshin, Vladislav"]
[Black "Moiseeva, Polina"]
[Result "1-0"]
[WhiteElo "1603"]
[BlackElo "1547"]
[Annotator ""]
[Source ""]
[Remark ""]

1.e4 d5 2.exd5 Qxd5 3.Nc3 Qd6 4.Nb5 Qb6 5.Nf3 a6 6.Nc3 Nf6 7.h3
Bf5 8.Bc4 e6 9.d3 Qd6 10.Be3 Nc6 11.Qd2 h6 12.O-O-O O-O-O 13.Rhe1
g5 14.g3 Bg7 15.h4 Ng4 16.hxg5 Nxe3 17.fxe3 hxg5 18.Nxg5 Qe7
19.Nf3 Qf6 20.d4 Ne7 21.Kb1 Bg4 22.Qf2 Nd5 23.Nxd5 exd5 24.Bb3
Bf5 25.Ne5 Bxc2+ 26.Qxc2 Qe6 27.e4 Bxe5 28.exd5 Qg4 29.Rxe5 Qxg3
30.Rc1 Rd7 31.Ka1 Kb8 32.Ba4 b5 33.Bb3 Rc8 34.Qc6 Rcd8 1-0

[Event "FIDE Open"]
[Site "Voronezh"]
[Date "2017.06.19"]
[Round "8.56"]
[White "Shilo, Kirill"]
[Black "Volovich, Evgeny"]
[Result "1/2-1/2"]
[WhiteElo "1882"]
[BlackElo "1353"]
[Annotator ""]
[Source ""]
[Remark ""]

1.e4 e6 2.d4 d5 3.exd5 exd5 4.Bd3 c5 5.c3 c4 6.Bc2 Nf6 7.Ne2
Bd6 8.h3 Be6 9.O-O O-O 10.Nf4 Bc7 11.Nh5 Nbd7 12.Bg5 h6 13.Bh4
Qe7 14.f4 g6 15.Nxf6+ Nxf6 16.f5 Bd7 17.Qf3 g5 18.Bg3 Bxg3 19.Qxg3
Rae8 20.Nd2 Qe3+ 21.Qxe3 Rxe3 22.Rae1 Rfe8 23.Rxe3 Rxe3 24.Kf2
Re8 25.g4 h5 26.Kf3 hxg4+ 27.hxg4 Kg7 28.Rh1 Bc6 29.Nf1 Bd7 30.Nd2
Bc6 31.Bd1 Nd7 32.Rh5 f6 33.Rh1 Nb6 34.Kf2 Nd7 35.Re1 Rh8 36.Nf3
Kf7 37.b3 cxb3 38.axb3 Nb6 39.Be2 Rd8 40.Ra1 a6 41.Rb1 Nc8 42.Rh1
Kg7 43.Nd2 b5 44.Bd3 1/2-1/2

[Event "FIDE Open"]
[Site "Voronezh"]
[Date "2017.06.19"]
[Round "8.57"]
[White "Ismailov, Samir"]
[Black "Yudakov, Alexey"]
[Result "1/2-1/2"]
[WhiteElo "1517"]
[BlackElo "1556"]
[Annotator ""]
[Source ""]
[Remark ""]

1.d4 d5 2.Nf3 Nf6 3.Bg5 e6 4.e3 Be7 5.Bd3 Nbd7 6.O-O O-O 7.c4
c6 8.Nc3 dxc4 9.Bxc4 b5 10.Bd3 a6 11.Qc2 h6 12.Bh4 c5 13.Ne4
c4 14.Nxf6+ Nxf6 15.Bxf6 Bxf6 16.Be4 Ra7 17.Rfd1 Bb7 18.Bxb7
Rxb7 19.Qe4 Qd5 20.Qxd5 exd5 21.Rac1 Rc7 22.Rc2 Rfc8 23.Rdc1
b4 24.Kf1 a5 25.Ke2 Rb8 26.b3 c3 27.Kd3 Ra8 28.a3 Be7 29.a4 Bd6
30.e4 dxe4+ 31.Kxe4 Re7+ 32.Kd3 Rae8 33.Rd1 g5 34.h3 f5 35.g4
Rf8 36.Ng1 fxg4 37.hxg4 Bh2 38.Ne2 Rxf2 39.d5 Bc7 40.Nd4 Rxc2
41.Nxc2 Rd7 1/2-1/2

[Event "FIDE open"]
[Site "Voronezh"]
[Date "2017.06.19"]
[Round "8.1"]
[White "Manukovsky, Vladimir"]
[Black "Peschansky, Mikhail"]
[Result "1/2-1/2"]
[WhiteElo "2200"]
[BlackElo "2162"]
[Annotator ""]
[Source ""]
[Remark ""]

1.e4 g6 2.Nc3 Bg7 3.f4 c5 4.Nf3 Nc6 5.Bc4 e6 6.O-O Nge7 7.d3
d5 8.Bb5 O-O 9.Bxc6 Nxc6 10.Qe1 Nd4 11.Qf2 b6 12.Kh1 Bb7 13.e5
Nxf3 14.Qxf3 f6 15.Qh3 Qd7 16.exf6 Rxf6 17.Bd2 Raf8 18.Rf3 Rf5
19.Raf1 b5 20.a3 a5 21.Kg1 b4 22.axb4 cxb4 23.Nd1 Rc8 24.Ne3
Rh5 25.Qg4 d4 26.Nc4 Bxf3 27.Rxf3 Rf8 28.b3 Rhf5 29.Rf1 Qc7 30.Re1
Re8 31.g3 Qc6 32.Re4 a4 33.Bxb4 axb3 34.cxb3 Rb8 35.Bd6 Rxb3
36.Qe2 Rb1+ 37.Kf2 h6 38.g4 Rf7 39.Kg3 Rg1+ 40.Kf2 Rc1 41.Rxe6
Qh1 42.Kg3 Kh7 43.Qe4 Qg1+ 44.Kh3 Qf1+ 45.Kg3 Rf6 46.Re7 Qg1+
47.Kh3 Qf1+ 48.Kg3 Qg1+ 49.Kh3 1/2-1/2

[Event "FIDE open"]
[Site "Voronezh"]
[Date "2017.06.19"]
[Round "8.2"]
[White "Provkin, Vladimir"]
[Black "Kondaurov, Yury"]
[Result "1-0"]
[WhiteElo "2163"]
[BlackElo "2046"]
[Annotator ""]
[Source ""]
[Remark ""]

1.d4 Nf6 2.Bg5 c5 3.d5 Qb6 4.Nc3 Qxb2 5.Bd2 Qb6 6.e4 d6 7.f4
Qc7 8.Nf3 a6 9.e5 Ng4 10.Qe2 e6 11.Ng5 Nh6 12.O-O-O Nf5 13.dxe6
Bxe6 14.Nxe6 fxe6 15.exd6 Qxd6 16.Qe4 Qc6 17.Bc4 Nd4 18.Bd5 Qd6
19.Rhe1 Nbc6 20.f5 O-O-O 21.fxe6 Qc7 22.Bxc6 Nxc6 23.Nd5 Rxd5
24.Qxd5 Bd6 25.Bg5 Bf4+ 26.Bxf4 Qxf4+ 27.Rd2 1-0

[Event "FIDE open"]
[Site "Voronezh"]
[Date "2017.06.19"]
[Round "8.3"]
[White "Lepaev, Andrey"]
[Black "Khajrutdinov, Ildar"]
[Result "1-0"]
[WhiteElo "2059"]
[BlackElo "2087"]
[Annotator ""]
[Source ""]
[Remark ""]

1.d4 Nf6 2.c4 e6 3.g3 d5 4.Nf3 Be7 5.Bg2 O-O 6.O-O dxc4 7.Qc2
a6 8.a4 Bd7 9.Qxc4 Bc6 10.Bf4 Nbd7 11.Nc3 Nb6 12.Qd3 Nbd5 13.Nxd5
Bxd5 14.Rac1 Rc8 15.Nd2 Bxg2 16.Kxg2 c5 17.dxc5 Qxd3 18.exd3
Bxc5 19.Ne4 Nxe4 20.dxe4 Bd4 21.Bd6 Rfd8 22.b3 f6 23.Ba3 Kf7
24.Rxc8 Rxc8 25.Rc1 Rxc1 26.Bxc1 f5 27.exf5 exf5 28.Kf3 Ke6 29.Be3
Bf6 30.Ke2 Kd5 31.Kd3 g6 32.h3 h5 33.f3 Be5 34.g4 fxg4 35.fxg4
hxg4 36.hxg4 Bf6 37.Bf2 Be5 38.Be3 Bf6 39.Bg1 Be5 40.Be3 Bf6
41.Ke4 1-0